000 00520nam a22001817a 4500
005 20251108173156.0
008 250721s2005 xx 000 0 ara d
082 1 4 _a219.9/عيس
100 1 _aعيسى، محمد أحمد
245 1 0 _aالعشرة المبشرون بالجنة /
264 1 _aالمنصورة :
_bدار الغد الجديد،
_c2005.
300 _a200 ص.
650 1 7 _aالصحابة
650 1 7 _aالسيرة النبوية
650 1 7 _aالجنة
942 _2ddc
_cBK
999 _c97806
_d97806